| 000 | 01185cam a22002651i 4500 | ||
|---|---|---|---|
| 003 | SA-RiAUC | ||
| 005 | 20251120143256.0 | ||
| 008 | 251117s1998 su g 000r0 ara c | ||
| 040 |
_aSA-TaTUL _bara _cSA-RiAUC _erda |
||
| 082 | 0 | 4 |
_a267 _qSA-RiAUC |
| 090 |
_a267 _bش ق ي |
||
| 100 | 1 |
_aالشقيري، محمد عبد السلام خضر _eمؤلف. |
|
| 245 | 1 | 2 |
_aالقول الجلي في حكم التوسل النبي والولي / _cمحمد بن أحمد بن محمد عبد السلام خضر ؛ قام بتصحيحه وإضافة بعض تعليقات عليه إسماعيل الأنصاري. |
| 250 | _aالطبعة الأولى. | ||
| 264 | 1 |
_aالرياض : _bرئاسة إدارة البحوث العلمية والإفتاء، _c1998 |
|
| 300 |
_a78 صفحة ؛ _c24 سم |
||
| 336 |
_aنص _btxt _2rdacontent _3كتاب |
||
| 337 |
_aبدون وسيط _bn _2rdamedia |
||
| 338 |
_aمجلد _bnc _2rdacarrier |
||
| 650 | 7 |
_aعلم الكلام _2aucsh |
|
| 650 | 7 |
_aالتوسل _2aucsh |
|
| 700 | 1 |
_aالأنصاري، إسماعيل بن محمد، _d1340-1417 هجري _eمصحح. |
|
| 942 |
_2ddc _cBOOK _n0 |
||
| 949 |
_aSA-JeALM _d251117 _umohamedma123 _n1 |
||
| 999 |
_c13400 _d13400 |
||